00290nam a2200121Ia 4500008004100000041000900041082001500050100002600065245002300091260003900114300000700153650000800160230718s9999 xx 000 0 und d aEng. a287bUSM-R ausmani, Maulana Tagi  0aRules of To Tilcaf aPakistanbI dava e- istenfitc2000 a51 aLaw